000 01207nas a2200289 454500
001 2036
005 20260407193504.0
008 260407s1973####ag###########|||spa#d
003 AR-UNSa-BCEJYS
040 _aAR-UNSa-BCEJYS
_bspa
_cAR-UNSa-BCEJYS
080 _a658
_xAdministración de empresas. Organización comercial
245 1 0 _aAdministración de empresas
022 _a0325-3724
264 1 _aBuenos Aires :
_bEdiciones Contabilidad Moderna
_c1973
310 _aFrecuencia: Mensual Cambia de Dir. a partir del Nº 78 por Enrique Fowler Newton Cambia de Dir. a partir del Nº 134 por Carlos Raimondi Cambia de Dir. a partir del Nº 173 por Alberto T. López Cambia de Dir. a partir del Nº 215/216 por Adolfo Atchabahian
041 _aspa
942 _cSER
590 _aniveau_biblio:s niveau_hierar:1
100 1 _aBertoletti, Mario E.
700 1 _aDealecsandris, Ricardo P.
700 1 _aMalenoski Benezet, Jorge A.
700 1 _aMessuti, Domingo Jorge
700 1 _aRaimondi, Carlos A.
650 _aOrganización
650 _aADMINISTRACION DE EMPRESAS
856 4 1 _uhttps://biblioeco.unsa.edu.ar/pmb/images/revistas/Administracion de Empresas.jpg
_yImagen de portada
_qimage/jpeg
999 _c8392
_d8392